000 00558nam a2200205Ia 4500
005 20250923145122.0
008 008 250917s9999 xx 000 0 eng d
037 _aTextual
040 _aDSWL
_beng
_cDSWL
041 _aeng
_2eng
084 _aYX, N67
_qDSWL
100 _aSharma, M.D.
_9831947
245 0 _aDynamics of social work
_cby M.D. Sharma
260 _aJodhpur
_bPrasad Pareek Sadhana Press
_c1966
300 _a359 p.
365 _aINR
_b12
925 _g12
942 _cTEXL
_hYX, N67
999 _c1447353
_d1447353